000 00718nam a2200277Ia 4500
001 Para_7688
003 CHAP
008 220125s1954 xx 000 0 und d
010 _a206707
040 _cCHAP
082 _aPA 632.9 M3 1954
100 _aMallis, Arnold
_970171
245 _aHandbook of pest control /
_c by Arnold Mallins
250 _a2
260 _aPittsburgh :
_b Gulf Research
300 _a1068 p.
650 _aControl biológico de plagas
_927587
650 _aControl de plagas
_927595
901 _aPA 632.9 M3 1954
902 _aA
905 _a0000001954 a 0000000000 00
910 _a1954
942 _cPARA
942 _cPARA
_d1
999 _c206707
_d206707